000 01381nam a2200337 a 4500
001 000110390
003 CHAP
005 20220329144130.0
008 140825s2014 mx | |sm |||||||spa|d
010 _a106852
011 _a107824
040 _cCHAP
090 _aTesis
100 1 _aRojas Estrada, Liliana Iveth
_9127872
245 1 0 _aAnálisis técnico y socioeconómico de los programas de reforestación implementados por la Comisión Nacional Forestal (CONAFOR) en el Estado de México en el periodo 2009-2012
_h[En línea]
_cpor Liliana Iveth Rojas Estrada y Roberto Morales Estrada.
260 _aChapingo, Méx. :
_bEl autor,
_c2014.
500 _aPara ver el contenido del material haga clic en la liga
502 _aTesis (Ing. en Restauración Forestal) -- UACH. División de Ciencias Forestales
590 _aBATCH-UPD
_b05
_c20141002
_lUCH01
_h0905
590 _aE792CSJ
_b05
_c20140825
_lUCH01
_h1022
590 _aE792CSJ
_b05
_c20140825
_lUCH01
_h1022
650 1 4 _aBosques
_xAspectos económicos
_xMéxico (Edo.)
_914077
650 1 4 _aBosques
_xRegeneración.
_914377
650 1 4 _aReforestación
_xAspectos sociales.
_995477
650 1 4 _aReforestación
_xMéxico (Edo.)
_995500
700 1 _aMorales Estrada, Roberto
_9127873
856 _aFinding aid
_uhttp://10.13.5.2/tesis/sist110390.pdf
_zTeclea aquí
901 _aBK
942 _cTESIS
942 _n0
999 _c106852
_d106852